Loga drużyn hokejowych NHL - Statystyki

Ogólne statystyki
  • Ten quiz został rozwiązany 81 razy
  • Średni wynik to 16 z 32
Statystyki odpowiedzi
Obrazkowy Odpowiedź % Poprawnych
Boston Bruins
83%
New Jersey Devils
83%
New York Rangers
76%
Toronto Maple Leafs
76%
Dallas Stars
71%
Chicago Blackhawks
64%
Colorado Avalanche
64%
Detroit Red Wings
64%
Pittsburgh Penguins
62%
Winnipeg Jets
62%
Calgary Flames
60%
San Jose Sharks
60%
Edmonton Oilers
57%
Washington Capitals
52%
Florida Panthers
50%
Los Angeles Kings
50%
Minnesota Wild
50%
Carolina Hurricanes
48%
Montreal Canadiens
45%
St. Louis Blues
43%
Philadelphia Flyers
40%
Vancouver Canucks
40%
Ottawa Senators
38%
Tampa Bay Lightning
38%
Columbus Blue Jackets
36%
Seattle Kraken
36%
Buffalo Sabres
33%
Nashville Predators
31%
New York Islanders
31%
Anaheim Ducks
26%
Utah Mammoth
24%
Vegas Golden Knights
24%
Nie znaleziono quizów pasujących do podanych kryteriów
Rozkład punktacji
Procent ludzi z każdym wynikiem
Percentyl według liczby udzielonych odpowiedzi
Twoja historia wyników
Nie rozwiązałeś tego quizu